landslides in pratice (Record no. 541424)
[ view plain ]
| 000 -LEADER | |
|---|---|
| fixed length control field | 00483 a2200145 4500 |
| 020 ## - INTERNATIONAL STANDARD BOOK NUMBER | |
| International Standard Book Number | 978-0-0471-67816-8 |
| 082 ## - DEWEY DECIMAL CLASSIFICATION NUMBER | |
| Classification number | 624.151363 |
| Author Mark | COR |
| -- | NUST |
| 100 ## - MAIN ENTRY--PERSONAL NAME | |
| Personal name | CORNFORTH, DEREK H |
| 9 (RLIN) | 36279 |
| 245 ## - TITLE STATEMENT | |
| Title | landslides in pratice |
| Remainder of title | investigatoin, Analysis, and remedial / preventative options in soils |
| 260 ## - PUBLICATION, DISTRIBUTION, ETC. | |
| Place of publication, distribution, etc. | NEW JERSEY; |
| Name of publisher, distributor, etc. | JOHN WILEY AND SONS, |
| Date of publication, distribution, etc. | 2006. |
| 300 ## - PHYSICAL DESCRIPTION | |
| Extent | XXIII, 596P. |
| Other physical details | ILL. |
| Dimensions | 27 CM. |
| 526 ## - STUDY PROGRAM INFORMATION NOTE | |
| Program name | 0 |
| Interest level | 0 |
| Reading level | 0 |
| Title point value | 624_151363000000000_COR |
| 650 ## - SUBJECT ADDED ENTRY--TOPICAL TERM | |
| Topical term following geographic name entry element | NUST |
| 9 (RLIN) | 6342 |
| 942 ## - ADDED ENTRY ELEMENTS (KOHA) | |
| Source of classification or shelving scheme | |
| Koha item type | Book |
| Withdrawn status | Lost status | Source of classification or shelving scheme | Damaged status | Not for loan | Permanent Location | Current Location | Date acquired | Cost, normal purchase price | Total Checkouts | Total Renewals | Full call number | Barcode | Date last seen | Date last checked out | Copy number | Price effective from | Koha item type |
|---|---|---|---|---|---|---|---|---|---|---|---|---|---|---|---|---|---|
| Military College of Engineering (MCE) | Military College of Engineering (MCE) | 07/11/2013 | 15968.00 | 1 | 1 | 624.151363 COR | MCE-47452 | 10/01/2019 | 07/22/2019 | 01 | 07/11/2013 | Book |
